• 首页
  • 本馆介绍
  • 公告通知
  • 最新文献
  • 馆藏检索
  • 电子资源
  • 读者导购
  • 参考咨询
  • 我的图书馆
  • 登录
  • 详细信息显示
  • 放入我的书架
  • 预约/预借图书
  • 作者相关作品
  • 分类相关作品
  • 丛书相关作品
  • 出版社相关作品

书目信息

  • 表格格式
  • 工作单格式
  • 卡片格式
题名:
中国虚拟土地研究
    
 
作者: 郭珊 著
分册:  
出版信息: 北京   中央编译出版社  2020
页数: 238页
开本: 24cm
丛书名: 学研文库
单 册:
中图分类: F323.211
科图分类:
主题词: 土地资源--资源利用--研究--中国--汉、英
电子资源:
ISBN: 978-7-5117-3772-4
000 01538oam2 2200265 450
001 2347573133
005 20231204131302.17
010    @a978-7-5117-3772-4@b精装@dCNY80.00
100    @a20200610d2020 em y0chiy50 ea
101 2  @achi@aeng
102    @aCN@b110000
105    @ay z 000yy
200 1  @a中国虚拟土地研究@Azhong guo xu ni tu di yan jiu@dVirtual land use in China@e中英对照@f郭珊著@zeng
210    @a北京@c中央编译出版社@d2020
215    @a238页@d24cm
225 2  @a学研文库
314    @a郭珊,女,汉族。1988年出生于河北省石家庄市。 现任中国人民大学公共管理学院讲师,主要从事土地可持续利用、城市化与资源环境管理方面的科研工作。曾在北京、香港和美国学习工作 11年,先后获得北京科技大学工学学士、北京大学理学硕士和香港理工大学哲学博士学位,并作为访问学者在美国耶鲁大学森林与环境学院工作一年。在Land Use Policy、Environmental Science and Technology、Ecological Indicators等学术期刊发表论文三十余篇,其中以主要作者(第一作者或通讯作者)身份发表论文 16篇。主持北京市社会科学基金、北京市优秀人才培养资助项目、中国人民大学等科研项目 7项。
330    @a随着经济全球化的日益加强,贸易导致商品的生产能力与消费需求的空间分离日益明显,我国虚拟土地资源的跨省、跨境流动日益频繁,本书从虚拟土地视角对我国土地资源可持续利用进行研究,力图提出对我国土地可持续利用有参考价值的对策与建议。
410  0 @12001 @a学研文库
510 1  @aVirtual land use in China@zeng
606 0  @a土地资源@x资源利用@x研究@y中国@x汉、英
690    @aF323.211@v5
701  0 @a郭珊@Aguo shan@f(1988-)@4著
801  0 @aCN@b91MARC@c20200714
905    @aZUCC@dF323.211@e4
    
    中国虚拟土地研究=Virtual land use in China:中英对照/郭珊著.-北京:中央编译出版社,2020
    238页;24cm.-(学研文库)
    
    
    ISBN 978-7-5117-3772-4(精装):CNY80.00
    随着经济全球化的日益加强,贸易导致商品的生产能力与消费需求的空间分离日益明显,我国虚拟土地资源的跨省、跨境流动日益频繁,本书从虚拟土地视角对我国土地资源可持续利用进行研究,力图提出对我国土地可持续利用有参考价值的对策与建议。
●
相关链接 在五车中查询图书 在当当中查询图书 在豆瓣中查询图书


正题名:中国虚拟土地研究     索取号:F323.211/4         预约/预借

序号 登录号 条形码 馆藏地/架位号 状态 备注
1 2001260353   2001260353   辽宁北方(第一批)/辽宁北方(第一批)/170/ [索取号:F323.211/4] 在馆    
2 2001260354   2001260354   辽宁北方(第一批)/辽宁北方(第一批)/170/ [索取号:F323.211/4] 在馆    
3 2001260355   2001260355   辽宁北方(第一批)/辽宁北方(第一批)/170/ [索取号:F323.211/4] 在馆    
4 2001260356   2001260356   辽宁北方(第一批)/辽宁北方(第一批)/170/ [索取号:F323.211/4] 在馆    
5 2001260357   2001260357   辽宁北方(第一批)/辽宁北方(第一批)/170/ [索取号:F323.211/4] 在馆    
6 2001260358   2001260358   辽宁北方(第一批)/辽宁北方(第一批)/170/ [索取号:F323.211/4] 在馆    
山东省滨州职业学院图书馆 欢迎您!
大连网信软件有限公司© 版权所有